[Event "Titled Tuesday intern op 12th Mar Late"]
[Site "Chess.com INT"]
[Date "2024.03.12"]
[Round "1"]
[White "De Boer, Eelke"]
[Black "Nikolic, Radisa D"]
[Result "1-0"]
[WhiteElo "2395"]
[BlackElo "2219"]
[PlyCount "55"]
[EventDate "2024.03.12"]
[EventType "swiss (blitz)"]
[EventRounds "11"]
[EventCountry "USA"]
[SourceTitle "CB12_2024"]
[SourceDate "2023.10.01"]
[SourceVersion "1"]
[SourceVersionDate "2023.10.01"]
[SourceQuality "1"]

1. e4 c5 2. Nf3 Nc6 3. d4 cxd4 4. Nxd4 e5 5. Nb5 d6 6. N1c3 a6 7. Na3 b5 8. Nd5 Nge7 9. c4 Nd4 10. cxb5 Nxd5 11. exd5 Bd7 12. bxa6 Qa5+ 13. Bd2 Qxd5 14. Nc2 Qe4+ 15. Ne3 f5 16. Bc4 f4 17. Bd5 Qd3 18. Bxa8 fxe3 19. fxe3 Nc2+ 20. Kf2 Qf5+ 21. Qf3 Qd3 22. Rad1 Be7 23. a7 Rf8 24. Qxf8+ Bxf8 25. Bf3 Qf5 26. a8Q+ Ke7 27. Qe4 Qxe4 28. Bxe4 1-0

[Event "Titled Tuesday intern op 12th Mar Late"]
[Site "Chess.com INT"]
[Date "2024.03.12"]
[Round "5"]
[White "Golubovic, Erik"]
[Black "Nikolic, Radisa D"]
[Result "1-0"]
[WhiteElo "2096"]
[BlackElo "2219"]
[PlyCount "143"]
[EventDate "2024.03.12"]
[EventType "swiss (blitz)"]
[EventRounds "11"]
[EventCountry "USA"]
[SourceTitle "CB12_2024"]
[SourceDate "2023.10.01"]
[SourceVersion "1"]
[SourceVersionDate "2023.10.01"]
[SourceQuality "1"]

1. d4 Nf6 2. c4 e6 3. Nf3 Bb4+ 4. Bd2 Be7 5. g3 d5 6. Bg2 dxc4 7. 0-0 0-0 8. Qc2 a6 9. a4 Nc6 10. Qxc4 Bd7 11. Ne5 Qe8 12. Nxc6 Bxc6 13. Bxc6 bxc6 14. Rc1 c5 15. dxc5 Nd5 16. Nc3 c6 17. Ne4 Qd7 18. Rd1 Qc7 19. b4 Rfd8 20. Rab1 Nf6 21. Bf4 Qc8 22. Bd6 Nd5 23. Bxe7 Nxe7 24. Nd6 Qc7 25. h4 Nc8 26. Nxc8 Qxc8 27. Rd4 Rxd4 28. Qxd4 Qd8 29. Rd1 Qd5 30. Qd3 Rd8 31. Qxd5 exd5 32. e4 d4 33. Kf1 g6 34. Ke2 Kg7 35. Kd3 Kf6 36. Rc1 Ke5 37. f4+ Ke6 38. Rc4 f5 39. Rxd4 fxe4+ 40. Kxe4 Rc8 41. Rd6+ Ke7 42. Ke5 Rc7 43. g4 Rb7 44. Rxc6 Rxb4 45. Rxa6 Rb1 46. Ra7+ Kf8 47. Kf6 Rb8 48. Rxh7 Kg8 49. Kxg6 Ra8 50. Rb7 Ra6+ 51. Rb6 Ra8 52. h5 Kf8 53. f5 Kg8 54. f6 Kh8 55. Rb7 Rg8+ 56. Rg7 Ra8 57. Rh7+ Kg8 58. f7+ Kf8 59. Rh8+ Ke7 60. Rxa8 Ke6 61. f8Q Kd5 62. Qd6+ Kc4 63. Qe6+ Kc3 64. Qe5+ Kc2 65. Rd8 Kb3 66. a5 Ka4 67. a6 Kb3 68. c6 Kb4 69. Rd4+ Kb3 70. Qe3+ Kb2 71. Rd2+ Kb1 72. Qe1# 1-0

[Event "Titled Tuesday intern op 12th Mar Late"]
[Site "Chess.com INT"]
[Date "2024.03.12"]
[Round "6"]
[White "Nikolic, Radisa D"]
[Black "Aranda, Juan Manuel"]
[Result "1/2-1/2"]
[WhiteElo "2219"]
[BlackElo "2102"]
[PlyCount "80"]
[EventDate "2024.03.12"]
[EventType "swiss (blitz)"]
[EventRounds "11"]
[EventCountry "USA"]
[SourceTitle "CB12_2024"]
[SourceDate "2023.10.01"]
[SourceVersion "1"]
[SourceVersionDate "2023.10.01"]
[SourceQuality "1"]

1. d4 d6 2. c4 e5 3. dxe5 dxe5 4. Qxd8+ Kxd8 5. e4 Be6 6. Nc3 c6 7. b3 Kc7 8. Bb2 Bc5 9. f3 Be3 10. Bc1 Bxc1 11. Rxc1 Na6 12. a3 Ne7 13. Bd3 Rad8 14. Bc2 Nc5 15. Nge2 Nd3+ 16. Bxd3 Rxd3 17. 0-0 Rhd8 18. Rfd1 a5 19. Rxd3 Rxd3 20. Rd1 Rxd1+ 21. Nxd1 a4 22. bxa4 Bxc4 23. Ndc3 Kb6 24. Kf2 Ka5 25. Ng3 g6 26. Ke3 Bb3 27. Nge2 Bxa4 28. f4 f6 29. fxe5 fxe5 30. Nc1 Nc8 31. Nd3 Nd6 32. Nxe5 Bc2 33. Nd7 Nc4+ 34. Kd4 Nxa3 35. e5 Bb3 36. Nc5 Nc2+ 37. Kd3 Nb4+ 38. Kd4 Nc2+ 39. Kd3 Nb4+ 40. Kd4 Nc2+ 1/2-1/2

[Event "Titled Tuesday intern op 12th Mar Late"]
[Site "Chess.com INT"]
[Date "2024.03.12"]
[Round "9"]
[White "Nikolic, Radisa D"]
[Black "Novikova, Margarita"]
[Result "0-1"]
[WhiteElo "2219"]
[BlackElo "1999"]
[PlyCount "88"]
[EventDate "2024.03.12"]
[EventType "swiss (blitz)"]
[EventRounds "11"]
[EventCountry "USA"]
[SourceTitle "CB12_2024"]
[SourceDate "2023.10.01"]
[SourceVersion "1"]
[SourceVersionDate "2023.10.01"]
[SourceQuality "1"]

1. d4 e5 2. dxe5 Nc6 3. Nf3 Qe7 4. Nc3 Nxe5 5. Bf4 Nxf3+ 6. gxf3 Nf6 7. e4 c6 8. Bd3 d5 9. Qd2 Qd8 10. exd5 Nxd5 11. Nxd5 Qxd5 12. Qe3+ Qe6 13. 0-0-0 Qxe3+ 14. Bxe3 Be6 15. b3 Ba3+ 16. Kb1 a5 17. Bc1 Bc5 18. Be3 Bb4 19. Bd2 Be7 20. Rhe1 a4 21. c4 axb3 22. axb3 Bf6 23. Kc2 Ra2+ 24. Kc1 0-0 25. Re2 Rfa8 26. Be3 Ra1+ 27. Kd2 R8a2+ 28. Ke1 Bc3+ 29. Bd2 Bf6 30. Be3 g6 31. Rxa2 Rxa2 32. Rd2 Bc3 33. Ke2 Bxd2 34. Bxd2 Rb2 35. b4 Ra2 36. b5 Bf5 37. Bxf5 gxf5 38. bxc6 bxc6 39. Ke3 Kg7 40. Kf4 Kg6 41. Be3 Ra4 42. Ke5 Rxc4 43. Bd4 c5 44. Kd5 Rxd4+ 0-1

[Event "SRB-chT2 West Central"]
[Site "Serbia"]
[Date "2009.09.12"]
[Round "2"]
[White "Nikolic, Radisa D"]
[Black "Bosiljcic, Zoran"]
[Result "1/2-1/2"]
[WhiteElo "2221"]
[BlackElo "2181"]
[PlyCount "27"]
[EventDate "2009.09.06"]
[EventType "team"]
[EventRounds "11"]
[EventCountry "SRB"]
[SourceTitle "EXT 2019"]
[Source "ChessBase"]
[SourceDate "2018.10.10"]
[SourceVersion "1"]
[SourceVersionDate "2018.10.10"]
[SourceQuality "1"]

1. e4 e5 2. Nf3 Nc6 3. Bb5 a6 4. Ba4 Nf6 5. 0-0 Be7 6. Re1 b5 7. Bb3 d6 8. h3 0-0 9. c3 Bb7 10. d4 Nb8 11. Nbd2 Nbd7 12. Bc2 Re8 13. Nf1 Bf8 14. Ng3 1/2-1/2